000 00634nam a2200241Ia 4500
008 160319s9999 xx 000 0 und d
020 _a971-914-320-7
050 _aFIL HF 5711
050 _b.M57 2002 c.2
100 _aMiranda, Gregorio S.
245 _aInternational trade /
245 _cGregorio S. Miranda.
250 _aRevised Edition
260 _a[s.l.] :
260 _bL and G Business House,
260 _c2002
300 _a370 pages :
300 _billustrations ;
300 _c22 cm.
500 _aIncludes bibliographical references.
650 _aCommerce.
650 _xForeign trade regulations.
999 _c291679
_d291679